000 01662nam a2200493 i 4500
001 9373
003 KOSZ 005
005 20220405080101.0
008 220405s1975 pl a f 000 0 pol
015 _aUWD 1975/5179
035 _a991024733739705066
035 _a(PL-WaBN)b16747021-48omnis_nlop
035 _ab16747021
035 _a(OCoLC)831132413
035 _a(PL)b0000001674702
035 _a(EXLNZ-48OMNIS_NETWORK)9910180923005606
040 _aWA N
_cWA N
_dKOSZ 005/RW
046 _k1975
080 _a624.04
080 _a(075.8)
100 1 _aChudzikiewicz, Andrzej
_d(1949- )
_eAutor
245 1 0 _aStatyka budowli.
_nCz. 1 /
_cAndrzej Chudzikiewicz.
250 _aWydanie 2.
260 _aWarszawa :
_bPaństwowe Wydawnictwo Naukowe,
_c1975.
300 _a312 stron :
_bilustracje, tabele, wykresy ;
_c24 cm.
336 _aTekst
_btxt
_2rdacontent
337 _aBez urządzenia pośredniczącego
_bn
_2rdamedia
338 _aWolumin
_bnc
_2rdacarrier
380 _aKsiążki
380 _aPublikacje dydaktyczne
385 _mPoziom nauczania
_aSzkoły wyższe
388 1 _a1901-2000
388 1 _a1945-1989
521 8 _aSkrypt dla studentów wyższych szkół technicznych.
650 7 _aStatyka budowlana
_2DBN
650 7 _aMechanika budowli
650 7 _aKonstrukcje budowlane
655 7 _aPodręczniki akademickie
_2DBN
658 _aArchitektura i budownictwo
710 2 _aPaństwowe Wydawnictwo Naukowe
_4pbl
856 _uhttp://koha.tu.koszalin.pl/cgi-bin/koha/opac-detail.pl?biblionumber=9373
_yKatalog online BPK
942 _2UKD
_cKS
999 _c9373
_d9373